علاقات الفاطميين في مصر بدول المغرب (362 - 567 هـ / 973 - 1171 م) (Record no. 165)
[ view plain ]
| 000 -LEADER | |
|---|---|
| fixed length control field | 00893cam#a22002775a#4500 |
| 001 - CONTROL NUMBER | |
| control field | 10148 |
| 003 - CONTROL NUMBER IDENTIFIER | |
| control field | ELIS10148 |
| 005 - DATE AND TIME OF LATEST TRANSACTION | |
| control field | 20150907083540.0 |
| 008 - FIXED-LENGTH DATA ELEMENTS--GENERAL INFORMATION | |
| fixed length control field | t1997#######a####r#####000#0#ara#d |
| 040 ## - CATALOGING SOURCE | |
| Original cataloging agency | مكتبة المعهد الهولندي الفلمنكي |
| Transcribing agency | مكتبة المعهد الهولندي الفلمنكي |
| 100 ## - MAIN ENTRY--PERSONAL NAME | |
| Personal name | حسن خضيري أحمد |
| 245 1# - TITLE STATEMENT | |
| Title | علاقات الفاطميين في مصر بدول المغرب (362 - 567 هـ / 973 - 1171 م) |
| 260 ## - PUBLICATION, DISTRIBUTION, ETC. (IMPRINT) | |
| Place of publication, distribution, etc. | القاهرة |
| Name of publisher, distributor, etc. | مكتبة مدبولي |
| Date of publication, distribution, etc. | 1997 |
| 300 ## - PHYSICAL DESCRIPTION | |
| Extent | 344 |
| 440 ## - SERIES STATEMENT/ADDED ENTRY--TITLE | |
| Title | صفحات من تاريخ مصر |
| 500 ## - GENERAL NOTE | |
| General note | المكتبة |
| 650 ## - SUBJECT ADDED ENTRY--TOPICAL TERM | |
| Topical term or geographic name as entry element | التجارة |
| 650 ## - SUBJECT ADDED ENTRY--TOPICAL TERM | |
| Topical term or geographic name as entry element | قبل 1800 م |
| 650 ## - SUBJECT ADDED ENTRY--TOPICAL TERM | |
| Topical term or geographic name as entry element | الثقافة |
| 650 ## - SUBJECT ADDED ENTRY--TOPICAL TERM | |
| Topical term or geographic name as entry element | مصر |
| 650 ## - SUBJECT ADDED ENTRY--TOPICAL TERM | |
| Topical term or geographic name as entry element | التاريخ |
| 650 ## - SUBJECT ADDED ENTRY--TOPICAL TERM | |
| Topical term or geographic name as entry element | السياسة |
| 650 ## - SUBJECT ADDED ENTRY--TOPICAL TERM | |
| Topical term or geographic name as entry element | المغرب |
| 650 ## - SUBJECT ADDED ENTRY--TOPICAL TERM | |
| Topical term or geographic name as entry element | العصر الفاطمي |
| 902 ## - LOCAL DATA ELEMENT B, LDB (RLIN) | |
| a | E 1286 |
| Withdrawn status | Lost status | Source of classification or shelving scheme | Damaged status | Not for loan | Home library | Current library | Shelving location | Date acquired | Total Checkouts | Full call number | Barcode | Date last seen | Price effective from | Koha item type |
|---|---|---|---|---|---|---|---|---|---|---|---|---|---|---|
| Dewey Decimal Classification | Netherlands-Flemish Institute in Cairo (NVIC) Library | Netherlands-Flemish Institute in Cairo (NVIC) Library | Main Library - 0.01 | 08/29/2015 | E 1286 | E 1286 | 08/29/2015 | 08/29/2015 | Books |